Catálogo
 En Linea

Talleres de capacitación en educación y prevención transmisión VIH/sida : (Registro nro. 37588)

Detalles MARC
000 -CABECERA
campo de control de longitud fija 00530nam a2200145 a 4500
001 - NÚMERO DE CONTROL
campo de control 000038098
005 - FECHA Y HORA DE LA ÚLTIMA TRANSACCIÓN
campo de control 20201002031156.0
008 - DATOS DE LONGITUD FIJA--INFORMACIÓN GENERAL
campo de control de longitud fija 130313s1993 dr a 000 0 spa d
040 ## - FUENTE DE LA CATALOGACIÓN
Centro catalogador/agencia de origen DO-SdBNP
Lengua de catalogación spa
Centro/agencia transcriptor BNPHU
245 00 - MENCIÓN DE TÍTULO
Título Talleres de capacitación en educación y prevención transmisión VIH/sida :
Resto del título Manual de instrucción /
Mención de responsabilidad, etc. Enrique Báez ...[et. al.].
250 ## - MENCIÓN DE EDICIÓN
Mención de edición 2a ed. Revisada
260 ## - PUBLICACIÓN, DISTRIBUCIÓN, ETC.
Lugar de publicación, distribución, etc. Santo Domingo :
Nombre del editor, distribuidor, etc. Patronato de Lucha Contra el SIDA ,
Fecha de publicación, distribución, etc. 1993.
300 ## - DESCRIPCIÓN FÍSICA
Extensión 23 p. :
Otras características físicas il. ;
Dimensiones 27 cm.
700 1# - PUNTO DE ACCESO ADICIONAL--NOMBRE DE PERSONA
Nombre de persona Báez, Enrique
9 (RLIN) 64484
Existencias
Estado de retiro Estado de pérdida No para préstamo Código de colección Localización permanente Ubicación/localización actual Ubicación en estantería Fecha de adquisición Número de inventario Total de préstamos Signatura topográfica completa Código de barras Fecha visto por última vez Precio válido a partir de Tipo de ítem Koha
    Excluido de préstamo Patrimonio Dominicano Patrimonio Dominicano Patrimonio Dominicano Depósito 13.03.2013 LF1   38098-10 25.06.2020 25.06.2020 Libro y Folleto Colección Patrimonio Dominicano

Con tecnología Koha